[Event "NED-ch58"]
[Site "Leeuwarden"]
[Date "2003.07.05"]
[Round "9"]
[White "Tiviakov, Sergei"]
[Black "Stellwagen, Daniel"]
[Result "1-0"]
[WhiteElo "2623"]
[BlackElo "2467"]
[Annotator "Tiviakov,S"]
[PlyCount "133"]
[EventDate "2003.06.26"]
[EventType "tourn"]
[EventRounds "9"]
[EventCountry "NED"]
[EventCategory "11"]
[SourceTitle "EXT 2004"]
[Source "ChessBase"]
[SourceDate "2003.11.25"]
[SourceVersion "1"]
[SourceVersionDate "2003.11.25"]
[SourceQuality "1"]

1. e4 e6 2. d4 c5 3. Nf3 cxd4 4. Nxd4 Nc6 5. Nc3 Qc7 6. g3 a6 7. Bg2 Nf6 8. O-O
Nxd4 9. Qxd4 Bc5 10. Qd3 d6 11. Be3 $5 Bxe3 (11... e5 12. Rad1 $5 (12. Bg5 Be6
$13 (12... O-O $2 13. Bxf6 gxf6 14. Nd5 $16 {1/2-1/2 Pergel,L-Podinic,V/
Bratislava 1993/TD (59)})) (12. Bxc5 Qxc5 (12... dxc5 13. Nd5 Nxd5 14. exd5 $14
) 13. Rad1 Ke7 14. Na4 Qc6 15. c4 Bg4 $140 16. f3 Be6 17. b3 $13)) (11... O-O
12. Bxc5 $14 (12. Rad1 $14)) 12. Qxe3 e5 (12... Bd7 13. Rad1 (13. Rfe1 Bc6 14.
Rad1 e5 15. Re2 O-O 16. Red2 $14 {1/2-1/2 Antol,L-Oral,T/Bratislava 1997/EXT
98 (72)}) 13... Bc6 14. Rd2 (14. Rd3 O-O 15. Rfd1 Rfd8 (15... Rad8 16. Qd2 Ng4
17. Rd4 Qb6 18. h3 Ne5 19. b3 Qc5 20. Kh2 f5 21. f4 Ng6 22. b4 Qb6 23. Rxd6
Rde8 24. Nd5 exd5 25. exd5 Ne7 26. dxc6 Nxc6 27. a3 Re3 28. c4 Rxa3 29. b5 axb5
30. Qd5+ Kh8 31. cxb5 Qe3 32. bxc6 bxc6 33. Rd8 Ra8 34. Rxa8 Rxa8 35. Qd8+ Qe8
36. Qxe8+ Rxe8 37. Bxc6 Re2+ 38. Kg1 h6 39. Bf3 Re3 40. Kf2 Ra3 41. Be2 Kg8 42.
Rd3 {1-0 Szabo,Z-Mashinskaya,I/Budapest 1997/CBM 57 ext (42)}) 16. Qd2 Ne8 17.
e5 Bxg2 18. Kxg2 d5 19. Qe3 b5 20. R1d2 Rdc8 21. Ne2 b4 22. Nd4 Qe7 23. f4 Rc4
24. b3 Rc5 25. f5 Rac8 26. fxe6 fxe6 27. Rf2 Nc7 28. Qd2 Nb5 29. Nxb5 Rxb5 30.
Rdf3 a5 31. Rf7 Qxf7 32. Rxf7 Kxf7 33. Qd3 Rbc5 34. Qxh7 Rxc2+ 35. Kh3 {
1/2-1/2 Manik,M-Oral,T/Komarno 1997/EXT 98 (35)}) 14... O-O 15. Rfd1 $14 {
1-0 Smistik,M-Kubala,P/Lazne Bohdanec 1998/EXT 2003 (65) (><d6)}) 13. Rad1 Be6
$146 (13... O-O 14. Rd2 $14 {/\Rfd1, ><d6} (14. h3 b5 15. Rd2 (15. Qd2 $6 Rd8
$11 {0-1 Akatova Ekaterina (RUS)-Kotanjian Tigran (ARM)/St. Petersburg (Russia)
2002 (52)}) 15... Be6 16. Rfd1 $14)) 14. h3 (14. Rd2 $5) 14... Bc4 (14... O-O
15. Rd2 b5 16. Rfd1 $14) 15. Rfe1 O-O 16. Rd2 b5 17. b3 (17. Red1 $5 Rfd8 (
17... b4 18. b3 $5 bxc3 (18... Be6 19. Ne2 Rfd8 20. c4 $14) 19. Qxc3)) 17...
Be6 18. Red1 (18. f4 $5) 18... Rac8 19. Ne2 Qc5 (19... Rfd8 20. f4 $14 (20. g4
$5)) 20. Qxc5 Rxc5 (20... dxc5 21. f4 $16) 21. f4 Ne8 (21... b4 22. c4 $5 bxc3
23. Rxd6 c2 24. Rc1 {><c2}) 22. g4 (22. f5) 22... f6 (22... b4 23. f5 Bd7 24.
c4 $5 bxc3 25. Rc2 $16 {><d6, Rf8}) 23. f5 Bc8 24. Ng3 $5 {(/\Bf1, c4)} (24. c3
$14) 24... Rc3 (24... Rf7 25. Bf1 Rc3 26. Kf2 {- 24...Rc3}) 25. Kf2 Rf7 26. Bf1
Kf8 (26... Rfc7 27. Bd3 $14 {/\Ne2, c4}) 27. Bd3 Rb7 28. Ne2 Rc6 29. c4 b4 $6 (
29... bxc4 $142 30. Bxc4 $14) 30. Ng3 $16 {(), |^>>} a5 31. Bc2 (31. h4) (31.
Kf3) 31... h6 (31... a4) 32. Kf3 a4 33. h4 a3 $6 (33... axb3 $142 34. axb3 Ra6
$16 {><b4, <=> <->a}) 34. Nh5 Rf7 35. Rg1 (35. Rd5 $5 {/\Rb5, /\Ra5, ->><b4})
35... Ke7 36. Ke3 Bb7 37. Rdg2 Rc8 38. Bd1 (38. g5) 38... Nc7 39. g5 hxg5 40.
hxg5 {[/\41.Ng7]} Ne8 41. Bf3 Kd7 42. Rh2 Nc7 43. Ng3 (43. gxf6 $5 gxf6 44. Rg6
$40 {><f6}) 43... Re7 44. Rh7 Rf8 45. Bg4 Ne8 46. Bh5 Nc7 47. Nf1 $5 {[/
\Nf1-h2-f3-h4-g6]} (47. Bg6 $5 {/\Nh5}) 47... Bc6 48. Nh2 Na6 $5 (48... Kd8 49.
Nf3 (49. Rd1 $5) 49... Be8 50. gxf6 (50. Nh4 $5) 50... gxf6 (50... Rxf6 $18 {
><g7, b4, d6}) 51. Rxe7 Kxe7 52. Rg7+ Kd8 (52... Bf7 53. Nh4) 53. Bxe8 Nxe8 (
53... Rxe8 54. Rf7 $18) 54. Rb7 $18) 49. Nf3 Nc5 50. Nh4 Nxe4 51. Ng6 Rfe8 52.
Nxe7 Rxe7 53. Bf3 (53. gxf6 Nxf6 54. Rh8 d5 55. cxd5 Nxd5+ $44 {/\e4, /\Nc3})
53... Nxg5 54. Rxg5 $1 (54. Bxc6+ Kxc6 55. Rh8 $16 {><b4, פg5}) 54... fxg5 55.
f6 gxf6 56. Bxc6+ Kd8 (56... Ke6 57. Rxe7+ Kxe7 58. Ke4 Kd8 (58... g4 59. Kf5
g3 60. Bd5 $22 $18) (58... Ke6 59. Bd5+ Kd7 60. Kf5 Kc7 61. Kxf6 Kb6 62. Kxg5
Kc5 63. Kf5 Kd4 64. Ke6 Kc3 65. Kxd6 Kb2 66. c5 Kxa2 67. c6 Kb2 68. c7 a2 69.
c8=Q a1=Q 70. Kxe5 $18) (58... Kf7 59. Kf5 $18) 59. Kf5 Kc7 60. Bf3 Kb6 61.
Kxf6 Kc5 62. Ke6 e4 (62... g4 63. Bxg4 e4 64. Bf5 e3 65. Bg4 $18) (62... Kd4
63. Kxd6 e4 64. Bg4 $18) 63. Bxe4 Kd4 64. Bd5 Kc3 65. Kxd6 Kb2 66. c5 Kxa2 67.
c6 Kb2 68. c7 a2 69. c8=Q a1=Q 70. Qh8+ $18) 57. Rh6 (57. Rxe7 Kxe7 58. Ke4 $18
{- 56...Ke6}) 57... Kc7 $2 (57... f5 $142 58. Rxd6+ Kc7 59. Rg6 $18 (59. Rf6))
58. Be4 Rf7 59. Bd5 Rg7 (59... Rf8 60. Rh7+ Kc8 (60... Kd8 61. Rb7 f5 62. Rxb4
$18) (60... Kb6 61. Rb7+ Ka6 62. Rd7 $18) 61. Be6+ Kb8 62. Ke4 $18) 60. Rxf6
Rh7 61. Bg2 Rh2 62. Rf7+ Kb6 63. Rf2 g4 64. Rd2 Kc7 65. Kf2 Rh6 66. Kg3 Rg6 67.
Rd5 1-0

[Event "ISR-chT"]
[Site "Israel"]
[Date "2001.05.04"]
[Round "9"]
[White "Kosashvili, Yona"]
[Black "Tsesarsky, Ilya"]
[Result "1-0"]
[WhiteElo "2539"]
[BlackElo "2450"]
[Annotator "Tsesarsky,I"]
[PlyCount "69"]
[EventDate "2001.02.??"]
[EventType "team"]
[EventRounds "11"]
[EventCountry "ISR"]
[SourceTitle "CBM 082"]
[Source "ChessBase"]
[SourceDate "2001.05.17"]
[SourceVersion "1"]
[SourceVersionDate "2001.05.17"]
[SourceQuality "1"]

1. e4 c5 2. Nf3 Nc6 3. Nc3 e6 4. d4 cxd4 5. Nxd4 Qc7 6. g3 a6 7. Bg2 Nge7 {
In my opinion, this way is effective enough to fight against g2-g3 system.} 8.
Nde2 Ng6 9. a4 {Here White played also:} (9. O-O Bc5 (9... Be7 10. f4 (10. h3
O-O 11. a4 Rb8 12. Be3 b5 13. axb5 axb5 14. f4 b4 15. Na4 $132 {1-0 Hamann,
S-Rantanen,Y/Grenaa 1973/EXT 2000 (38)}) 10... O-O 11. Be3 f6 (11... Na5 12. b3
Bc5 13. Bxc5 Qxc5+ 14. Kh1 d6 15. Na4 Qc7 16. c4 $14 {1-0 Tringov,G-Popov,L/
Sofia 1962/MCD (35)}) 12. Qd2 b5 13. a3 Bb7 $132) 10. Nf4 (10. Kh1 O-O (10...
b5 11. f4 Bb7 12. a3 Nce7 13. Qd3 h5 14. h3 d5 15. e5 Nf5 $132 {1/2-1/2 Bartel,
M-Jaracz,P/Warsaw POL 2001/The Week in Chess 334 (42)}) 11. f4 f6 12. b3 b5 13.
Bb2 Bb7 14. Qd2 Rad8 15. Rad1 Rf7 $132 {1-0 Spraggett,K-Mikanovic,G/Toronto
2000/EXT 2001 (28)}) 10... Nxf4 (10... Nge5 11. Kh1 O-O 12. Nh5 Qd6 13. Qxd6
Bxd6 14. f4 Nc4 15. e5 Bb4 16. Ne4 d5 17. Nf2 Bd7 18. Nd3 Be7 $132 {1-0 Solak,
D-Miladinovic,I/Korinthos 1999/EXT 2000 (63)}) 11. Bxf4 Ne5 12. Na4 Be7 13. c4
d6 14. Rc1 O-O 15. c5 dxc5 16. Nxc5 Bxc5 17. b4 Qd7 18. bxc5 Nd3 19. Bd6 Nxc1
20. Qxc1 $15 {0-1 Ostojic,P-Lengyel,L/Belgrade 1969/MCD (44)}) (9. Be3 b5 10.
O-O Be7 (10... Bb7 11. Qd2 Be7 12. a3 $132 (12. Rfd1 d6 13. f4 O-O 14. Bh3 Rad8
15. Rf1 d5 16. exd5 Nb4 17. Bg2 Nxd5 18. Nxd5 Bxd5 19. Bxd5 Rxd5 $17 {0-1 Leib,
B-Schuster,B/Germany 1998/GER-chT (36)})) 11. Nf4 Nxf4 12. Bxf4 d6 13. e5 dxe5
14. Bxe5 Nxe5 15. Bxa8 Bb7 16. Bxb7 Qxb7 17. f3 Nc4 18. Qe2 Nxb2 19. Rab1 Nc4
20. Kh1 Qc6 21. a4 $14 {0-1 Lambert,H-Franklin,M/Berlin 1965/EXT 2000 (53)}) (
9. h4 Bc5 10. Nf4 Nge5 11. O-O O-O 12. b3 b5 13. Bb2 d6 $132 {1/2-1/2 Vazquez,
R-Valiente,C/Asuncion 1991/EXT 98 (39)}) (9. b3 b5 10. Bb2 Bb7 11. Qd2 Bc5 12.
O-O O-O 13. Rad1 Rad8 14. h3 Nce7 15. Nd4 f5 $132 {1-0 Rytshagov,M-Kurajica,B/
Pula 1997/CBM 57 ext (32)}) 9... Bc5 $11 10. O-O O-O 11. b3 Rb8 ({Another plan
was} 11... b6 12. Bb2 Bb7 13. Qd2 f5 14. Rad1 d6 15. Kh1 Rae8 16. f4 Bb4 $132 {
with approximately equal game.}) 12. Bb2 b5 13. axb5 axb5 14. Qd2 b4 15. Na4
Be7 16. Nc1 e5 {Except of this move Black could play also:} (16... Bb7 17. f4
d6 18. Nd3 Rfc8 19. f5 Nge5 20. fxe6 fxe6 21. Bh3 Nd8 22. Qf4 $14) (16... f5 $5
17. exf5 Rxf5 18. Nd3 $132) ({or} 16... d6 $5 17. f4 Rd8 18. Nd3 Rb5 $132) 17.
c4 $5 {White removes Na4 to c3-d5.} (17. Nd3 d6 18. f4 exf4 19. gxf4 Re8 $132 (
19... f5 $132)) 17... bxc3 (17... d6 $143 18. Nd3 Na5 19. Qc2 f5 20. exf5 Bxf5
21. Rfe1 $14) 18. Nxc3 Bc5 $2 $16 {Badly! I just overlooked 21-th move of
White...} ({Right was} 18... Bb4 $1 19. Rd1 Nge7 20. Nd3 Ba5 (20... Bxc3 21.
Qxc3 d6 22. Nf4 Bg4 23. Nd5 Qd7 24. Nxe7+ Nxe7 25. Rd3 Nc6 26. Qd2 Rfd8 27. Ra3
$14) 21. Nc5 Bb4 22. Nd3 Ba5 $11) (18... Nb4 $143 $2 19. Rd1 d6 20. Ba3 $1 Bg5
21. Qxg5 Qxc3 22. Ne2 Qxb3 23. Rdb1 Qc4 24. Qd2 Ba6 25. Bf1 Nd3 26. Nc1 Rxb1
27. Rxb1 Qa4 28. Bxd6 Rd8 (28... Nxc1 29. Bxf8 $18) 29. Bb4 $18) 19. Nd5 Qd6
20. Nd3 Bd4 $4 $18 {Now position of Black is hopeless.} ({After the only} 20...
Rxb3 $142 21. Qc2 {White keep serious advantage:} Qb8 (21... Rb5 22. Qc4 Rb8
23. Rfc1 Bd4 24. Ba3 Qe6 25. Bxf8 Bxa1 26. Nc5 Qg4 27. Bxg7 Kxg7 28. Ne3 $16)
22. Qxc5 (22. Rab1 Bd4 23. Ba3 Rxa3 24. Rxb8 Nxb8 $44) 22... Rxd3 23. Bc3 Nd4
24. Rfb1 Bb7 25. Bxd4 Rxd4 26. h4 $16 {[%csl Rb7][%cal Gb1b8]}) 21. Ba3 $1 {
This move I overlooked totally.} Qe6 22. Bxf8 Bxa1 23. Nc5 $1 ({Position after
} 23. Bxg7 Kxg7 24. Rxa1 Nd4 25. Nc5 Qc6 26. Rc1 Qb5 27. Nc7 $16 {is not
winning enough for Yona!}) 23... Qg4 ({Or} 23... Qe8 24. Bd6 Bd4 25. Bxb8 Bxc5
26. Bc7 Ba6 27. Ra1 $18) 24. Bxg7 ({Wins also} 24. Bd6 Bd4 25. Bxb8 Bxc5 26.
Bc7 $18) ({but not} 24. Ne3 $2 Qh5 25. Bxg7 Bd4 $1 26. Nf5 Nge7 (26... Bxc5 27.
g4 $18) 27. Nxd4 Nxd4 28. Bf6 Nec6 29. Rb1 d6 30. Nd3 Rxb3 31. Rxb3 Nxb3 $132)
24... Kxg7 25. Ne3 $1 ({Good also} 25. Rxa1 Nd4 (25... d6 26. Ne3 $18) 26. Ne3
Qh5 27. Qa5 (27. g4 Nh4 28. gxh5 Ndf3+ 29. Bxf3 Nxf3+ 30. Kh1 Nxd2 31. Rg1+ Kh6
32. Nf5+ Kxh5 33. Rg8 Ra8 34. Nd6 Bb7 35. Rg7 $16) 27... d6 28. Qc7 Rb5 29.
Qxd6 $18) 25... Bc3 $5 26. Qxc3 Nd4 (26... Qh5 27. Nf5+ (27. g4 Qg5 28. Nf5+
Kg8 29. f4 Nxf4 30. h4 Qxf5 $19) 27... Kg8 28. f4 $18) 27. Kh1 $1 {after this
strong quiet move I understood: in this game I have no chance...} Qh5 28. g4
Qg5 29. Nf5+ Kg8 30. f4 $1 {Very strong and precisely!} Nxf4 31. h4 $1 Qf6 ({Or
} 31... Nfe2 32. hxg5 Nxc3 33. Nh6+ Kg7 34. Rxf7+ Kg6 35. Rf8 Kxg5 36. Nf7+
Kxg4 37. Nd6 Nxb3 38. Nd3 $18 {[%csl Rc8,Re5,Rg4][%cal Gd3e5]}) 32. g5 Nde2 (
32... Qh8 33. Nxd4 exd4 34. Qf3 $18) 33. Qa1 Qh8 34. Qa7 Rb5 35. Qc7 1-0

[Event "Mordechay Porat Memorial"]
[Site "Rehovot"]
[Date "2001.11.24"]
[Round "5"]
[White "Gruenfeld, Yehuda"]
[Black "Tsesarsky, Ilya"]
[Result "0-1"]
[WhiteElo "2484"]
[BlackElo "2442"]
[Annotator "Tsesarsky,I"]
[PlyCount "94"]
[EventDate "2001.11.23"]
[EventType "swiss"]
[EventRounds "5"]
[EventCountry "ISR"]
[SourceTitle "CBM 086"]
[Source "ChessBase"]
[SourceDate "2002.02.05"]
[SourceVersion "1"]
[SourceVersionDate "2002.02.05"]
[SourceQuality "1"]

1. e4 c5 2. Nf3 Nc6 3. Nc3 e6 4. d4 cxd4 5. Nxd4 Qc7 6. g3 a6 7. Bg2 Nf6 8. O-O
Bc5 9. Nb3 (9. Nxc6 {-mainline.}) 9... Ba7 10. Qe2 Ne5 (10... h5 11. Be3 h4 12.
Bxa7 Rxa7 13. Rfe1 Ne5 14. Nc1 b5 15. Nd3 hxg3 16. hxg3 d6 $132 {0-1 Kummle,
T-Schneider,B/Baden 1992/GER (43)}) (10... d6 11. a4 (11. Be3 Bxe3 (11... b5
12. a4 Bxe3 13. Qxe3 b4 14. e5 dxe5 15. Nb5 axb5 16. axb5 Rxa1 17. Bxc6+ Bd7
18. Rxa1 $16 {1-0 Kupreichik,V-Kohlweyer,B/Bad Woerishofen 1997/EXT 2000 (38)})
(11... O-O 12. Bg5 Ne5 13. Kh1 Bd7 14. Bxf6 gxf6 15. f4 Nc4 16. Nd1 Kh8 17. Nc1
Rac8 18. Nd3 b5 $132 {1-0 Slobodjan,R-Comas Fabrego,L/Havana 1999/CBM 71 (40)})
12. Qxe3 Ne5 (12... b5 13. Nd4 Nxd4 14. Qxd4 e5 15. Qb4 Qc5 16. a3 Be6 17. Rfd1
Qxb4 18. axb4 Ke7 $132 {1-0 Rebottaro,H-Ortega Morales,J/Villa Ballester 2000/
EXT 2001 (56)}) 13. Qe2 Nc4 14. Nd1 e5 15. Nd2 Be6 16. b3 Na3 17. c4 Nc2 18.
Rc1 Nd4 19. Qd3 Nd7 $132 {1/2-1/2 Matsuura,E-Toth,C/Americana 1996/EXT 98 (36)}
) (11. Kh1 h5 12. Bg5 Ne5 13. Nd1 Bd7 14. a4 Rc8 15. c3 Qc4 16. Nc1 b5 17. Re1
bxa4 18. Be3 Qxe2 19. Rxe2 Bxe3 20. Nxe3 Bb5 $17 {0-1 Voekler,B-Gustafsson,J/
Germany 1998/GER-chT (47)}) 11... Ne5 (11... Bd7 12. Be3 (12. Bg5 Ne5 13. Rad1
Nc4 14. Bc1 Rc8 15. Nd4 Qa5 $11 {0-1 Wagman,S-Lazarev,V/Arco 1999/EXT 2000 (46)
}) 12... Bxe3 13. Qxe3 Ne5 14. Nd2 {1/2-1/2 Doric,N-Kragelj,I/Portoroz 1996/
CBM 51 ext (14)}) 12. Be3 Bxe3 13. Qxe3 Nc4 14. Qc1 e5 15. Nd2 Be6 $11 {
1/2-1/2 Gdanski,J-Damljanovic,B/Moscow 1994/CBM 44 ext (88)}) 11. Nd1 (11. a4
d6 12. Be3 (12. h3 Rg8 $2 13. Be3 Bxe3 14. Qxe3 Bd7 15. Nd2 g5 16. Qd4 g4 17.
hxg4 (17. h4 Rc8 $132 {0-1 Lejlic,S-Hellsten,J/Ronneby 1998/EXT 99 (35)}) 17...
Nexg4 18. Nc4 $16) (12. Kh1 Nc4 13. Nd2 Nxd2 14. Bxd2 Bd7 15. Rad1 Bd4 16. g4
h6 17. h3 e5 $11 {1/2-1/2 Middelburg,T-Lazarev,V/Porto San Giorgio 2000/EXT
2001 (40)}) 12... Bxe3 13. Qxe3 Nc4 14. Qc1 e5 15. Nd2 Be6 $11 {1/2-1/2
Bykhovsky,A-Miladinovic,I/Cappelle la Grande 1995/EXT 97 (56)}) (11. Be3 Bxe3
12. Qxe3 Nc4 13. Qc1 (13. Qc5 Qxc5 14. Nxc5 d6 15. Nd3 e5 $11 {1/2-1/2 Van
Riemsdijk,H-Toth,C/Americana 1996/EXT 98 (68)}) 13... e5 $1 (13... d6 14. Nd2
e5 {and Black haven't played Be6 yet.} 15. Nxc4 Qxc4 16. Qd2 Qc5 17. Rad1 Ke7
18. h3 h6 19. Kh2 (19. Na4 Qc7 20. f4 $14) 19... Rd8 20. f4 Be6 21. Nd5+ Bxd5
22. fxe5 dxe5 23. exd5 Ne8 24. Qd3 $16 {[%csl Re7][%cal Gd3h7]} (24. Rf3 Nd6
25. Rc3 Qb6 26. b3 $14 (26. Qe2 Qxb2 27. Rb3 (27. Qxe5+ Kf8 28. a4 $132) 27...
Qxa2 28. Qxe5+ Kf8 29. Be4 Rac8 $17 {0-1 Simic,D-Kragelj,I/Bled 1996/CBM 55
ext (45)}))) 14. Nd2 Nxd2 15. Qxd2 b5 16. a4 bxa4 17. Rxa4 O-O $132 {1-0
Grigorov,J-Van der Werf,M/Cannes 1997/CBM 57 ext (35)}) 11... Nc4 12. Nd2 Nxd2
13. Bxd2 d6 (13... Qxc2 $4 14. Rc1 Qa4 15. Nc3 Qd4 16. Be3 Qb4 17. Bxa7 Rxa7
18. Nd5 $18) 14. Be3 e5 $132 {Black realized his plan:e6-e5 and dark Bishops
exchange.} 15. Bxa7 Rxa7 16. Ne3 O-O 17. Rfd1 (17. c4 Be6 $11) 17... Be6 18.
Rd3 {[%csl Rd6][%cal Gd3d6,Ga1d1,Ge2d2] White puts pressure on Pd6.} a5 $5 {
[%cal Ga7a6,Ga6d6]} 19. Qd2 Ra6 20. Rd1 Rd8 21. f4 {This move disadvantage is
certain weakening of Kg1.} exf4 22. gxf4 {[%csl Rg1]} Bg4 ({Worse of attention
} 22... Bxa2 $1 {I was afraid of} 23. e5 (23. b3 a4 $132) 23... Ne8 24. b3 (24.
Nf5 Be6 25. Nxd6 Bg4 $15) 24... a4 25. bxa4 Rxa4 26. exd6 {I had evaluated
this position as dangerous for Black because of strong Pd6, but this position
is unclear.} Qc5 $13 {[%csl Re3,Rf4][%cal Gc5g1,Ga4f4]}) 23. Re1 ({Or} 23. Nxg4
Nxg4 24. c3 Qc5+ 25. Rd4 Re8 $132) 23... Re8 {[%csl Re4][%cal Gf6e4,Ge8e4]} 24.
Rd4 (24. Nxg4 Nxg4 25. c3 Nf6 $132) 24... Qc5 25. a3 Bc8 $6 $14 (25... Be6 $11)
26. Qc3 $5 Qh5 $2 $16 {[%csl Rd6] Black puts serious mistake. Pd6 remains
whithout sufficient defence.} (26... Qxc3 27. bxc3 b5 28. Rb1 $14) 27. Qd2 $2
$132 {Badly.} (27. Nc4 $142 $1 {[%csl Rd6]} Qh4 (27... Rc6 28. e5 dxe5 29. fxe5
Rce6 30. Nd6 $18) 28. Nxd6 Rc6 (28... Rxd6 29. Rxd6 Qxf4 30. Qg3 $18) 29. Qg3
$18) 27... Bh3 28. Nd5 $1 Nxd5 (28... Bxg2 $2 29. Nxf6+ gxf6 30. Qxg2+ Kh8 {
[%cal Ge8g8]} 31. Re3 {[%cal Ge3g3]} Qh4 32. Qf2 Qxf2+ 33. Kxf2 $16 {[%csl Rd6,
Rf6,Rf7]}) 29. Rxd5 Qh6 (29... Qh4 $132) 30. Bf3 Be6 31. Rd4 (31. Rxd6 Rxd6 32.
Qxd6 Qf6 33. c3 Rd8 34. Qc7 Qh4 $44) 31... Qg6+ 32. Kh1 Bg4 33. Bg2 Qh6 34. c3
Rb6 35. Rd5 {[%csl Ra5,Rd6][%cal Gd5a5,Gd2d6]} Qh4 36. Rg1 Re6 $2 $16 {[%cal
Ge6h6] This Attack try should meet refutation} (36... a4 $142 37. Rg5 {[%csl
Rg7][%cal Gg5g7]} f6 (37... h6 38. Rxg7+ Kxg7 39. Qd4+ Kh7 40. Qxb6 Bh3 41. Qe3
Bxg2+ 42. Rxg2 f5 43. e5 dxe5 44. fxe5 Qe4 $11) 38. Ra5 Bd7 $132) 37. Rxa5 $1 (
37. e5 $143 $2 h6 ({Not} 37... Rh6 $2 38. Be4 f5 39. exf6 Rxf6 40. Rg5 h5 41.
Qd5+ Kf8 42. Qxa5 Rxb2 (42... Rxf4 43. Qa8+ Ke7 44. Rxg7+ $18) 43. Qd8+ Kf7 44.
Bd5+ $18) 38. exd6 Qd8 39. Be4 f5 40. Bg2 Rbxd6 41. c4 $132) 37... Kf8 38. f5
$2 $11 ({White keeps his advantage by} 38. Ra8+ Ke7 39. e5 Rh6 40. Be4 {
I saw this move during the game and thought, what to do in this case...} Qh3
41. Rg2 Bf3 42. Bxf3 Qxf3 43. Qe2 Qxe2 44. Rxe2 Re6 45. Rc8 $16) 38... Rh6 39.
Qf4 Rxb2 40. e5 Bf3 $1 (40... Re2 41. e6 $18) 41. Ra8+ (41. Qxh4 $5 Rxh4 42.
exd6 b6 $1 43. d7 $1 (43. Re5 Rxg2 44. Rxg2 Rg4 45. Ree2 Rxg2 46. Rxg2 Ke8 47.
Kg1 Bxg2 48. Kxg2 Kd7 49. Kf3 Kxd6 50. Ke4 Kc5 $19) 43... Ke7 44. f6+ gxf6 (
44... Kxd7 45. Rf5 Bxg2+ 46. Rxg2 Rb1+ 47. Rg1 Rb2 $11) 45. Rf5 Bxg2+ 46. Rxg2
Rb1+ 47. Rg1 Rb2 $11) 41... Ke7 42. f6+ (42. exd6+ Kd7 43. Qa4+ Qxa4 44. Rxa4
Rxg2 (44... Rh5 45. Rf4) 45. Rxg2 Rxd6 46. Kg1 Rd1+ 47. Kf2 Bxg2 48. Kxg2 Rd2+
$15) (42. Qxh4+ Rxh4 43. f6+ gxf6 44. exf6+ Kd7 (44... Kxf6 $2 45. Rf1 $18 {
[%csl Rf3]}) 45. Rg8 Rf4 46. Bxf3 Rxf3 $17) 42... Ke6 43. Re8+ (43. Qxh4 $2
Rxh4 (43... Bxg2+ 44. Rxg2 Rb1+ 45. Rg1 Rxg1+ 46. Kxg1 Rxh4 47. Re8+ Kd7 48.
Re7+ Kd8 49. exd6 gxf6 50. Rxb7 Rc4 51. Rxf7 Rxc3 52. Rxh7 Rxa3 $44) 44. Re8+
Kd7 45. Re7+ Kd8 46. Rxf7 Rxg2 47. Rxg2 Rg4 48. Rf8+ Kd7 49. Rf7+ Kc6 50. Rxg7
Bxg2+ 51. Kg1 Rxg7 52. fxg7 Bd5 $19) 43... Kd7 44. Re7+ $2 $17 ({Right was} 44.
Qf5+ Kc7 45. exd6+ Kb6 {and} 46. Qe5 $3 $11 {[%csl Rb6][%cal Ge5h2,Ge5e3]})
44... Kd8 45. Qxh4 Rxh4 46. fxg7 (46. Rxf7 Rxg2 47. Rxg2 Rg4 48. Rxg7 Bxg2+ 49.
Kg1 Rxg7 50. fxg7 Bd5 51. exd6 b5 52. Kf2 Kd7 53. Ke3 Kxd6 $17) (46. e6 gxf6 (
46... Rxg2 47. Rxg2 Rg4 48. h3 Rxg2 49. exf7 Rg6+ 50. Kh2 Rg2+ 51. Kh1 $11) 47.
Rd7+ Ke8 48. exf7+ Kf8 49. Rxd6 Rxg2 50. Rxg2 Rg4 51. Rdd2 Kxf7 52. Kg1 Bxg2
53. Rxg2 Rxg2+ 54. Kxg2 Ke6 55. Kf3 Kd5 $19) 46... Rxg2 ({Or} 46... Bxg2+ $1
47. Rxg2 Rb1+ 48. Rg1 Rxg1+ 49. Kxg1 Rg4+ 50. Kf2 Kxe7 $19) 47. Rxg2 Rg4 0-1